Postavenie Ruska v energetických vzťahoch s Európskou úniou

Európska únia a jej energetická bilancia. Zelená kniha o energetike - Európska stratégia pre udržateľnú, konkurencieschopnú a bezpečnú energiu. Rusko ako hlavný dodávateľ energetických zdrojov. Energetika vo vzájomných vzťahoch Európskej únie a Ruska.

Salvato in:
Dettagli Bibliografici
Autore principale: Drieniková, Kristína, 1982-
Natura: Capitolo di libro
Lingua:slovacco
Soggetti:
Tags: Aggiungi Tag
Nessun Tag, puoi essere il primo ad aggiungerne!!

MARC

LEADER 00000nla$a2200000$$$4500
001 0101037
005 20240502072114.5
041 0 |a slo 
044 |a SK 
245 1 0 |a Postavenie Ruska v energetických vzťahoch s Európskou úniou  |c Kristína Drieniková 
520 |a Európska únia a jej energetická bilancia. Zelená kniha o energetike - Európska stratégia pre udržateľnú, konkurencieschopnú a bezpečnú energiu. Rusko ako hlavný dodávateľ energetických zdrojov. Energetika vo vzájomných vzťahoch Európskej únie a Ruska. 
610 2 0 |a energetika 
610 2 0 |a energia 
610 2 0 |a zdroje energetické 
610 2 0 |a ropa 
610 2 0 |a plyn zemný 
610 2 0 |a plynovody 
610 2 0 |a uhlie 
610 2 0 |a spolupráca hospodárska medzinárodná 
610 2 0 |a Rusko 
610 2 0 |a Európska únia 
100 1 |a Drieniková, Kristína, 1982-